| 000 | 00327nam a22001337a 4500 | ||
|---|---|---|---|
| 020 | _a0-7105-1162-0 | ||
| 082 |
_a823 _bSPE/H |
||
| 100 | _aSPENSER, M D | ||
| 245 |
_aHUMANO MORPHS _bWHAT WOULD WE DO WITHOUT JILL? |
||
| 260 |
_aENGLAND _bPETER HADDOCK _c2000 |
||
| 300 | _a122 | ||
| 650 |
_aADVENTURE _zUNITED KINGDOM |
||
| 942 | _cBK | ||
| 999 |
_c5961 _d5961 |
||